<?xml version="1.0" encoding="UTF-8"?>
<record
    xmlns:xsi="http://www.w3.org/2001/XMLSchema-instance"
    xsi:schemaLocation="http://www.loc.gov/MARC21/slim http://www.loc.gov/standards/marcxml/schema/MARC21slim.xsd"
    xmlns="http://www.loc.gov/MARC21/slim">

  <leader>01221nam a22002297a 4500</leader>
  <datafield tag="999" ind1=" " ind2=" ">
    <subfield code="c">358251</subfield>
    <subfield code="d">358251</subfield>
  </datafield>
  <controlfield tag="003">IT-MiSPE</controlfield>
  <controlfield tag="005">20190422180253.0</controlfield>
  <controlfield tag="008">190422b           ||||| |||| 00| 0 eng d</controlfield>
  <datafield tag="020" ind1=" " ind2=" ">
    <subfield code="a">9788821565502</subfield>
    <subfield code="c">8.00 EUR</subfield>
  </datafield>
  <datafield tag="040" ind1=" " ind2=" ">
    <subfield code="a">IT-MiSPE</subfield>
    <subfield code="b">ita</subfield>
    <subfield code="c">IT-MiSPE</subfield>
    <subfield code="d">IT-MiSPE</subfield>
  </datafield>
  <datafield tag="041" ind1=" " ind2=" ">
    <subfield code="a">ita</subfield>
  </datafield>
  <datafield tag="082" ind1=" " ind2=" ">
    <subfield code="a">227.1-Rm* FOR br (23248)</subfield>
  </datafield>
  <datafield tag="100" ind1=" " ind2=" ">
    <subfield code="a">Forte, Bruno.</subfield>
    <subfield code="c">vescovo</subfield>
    <subfield code="d">1949-</subfield>
    <subfield code="e">autore</subfield>
    <subfield code="9">57808</subfield>
  </datafield>
  <datafield tag="245" ind1=" " ind2=" ">
    <subfield code="a">Alla scuola di Paolo per vivere di Cristo.</subfield>
    <subfield code="b">Esercizi spirituali sulla Lettera ai Romani /</subfield>
    <subfield code="c">Bruno Forte.</subfield>
  </datafield>
  <datafield tag="260" ind1=" " ind2=" ">
    <subfield code="a">Cinisello Balsamo :</subfield>
    <subfield code="b">San Paolo,</subfield>
    <subfield code="c">2009</subfield>
  </datafield>
  <datafield tag="300" ind1=" " ind2=" ">
    <subfield code="a">122 p. ;</subfield>
    <subfield code="c">18 cm</subfield>
  </datafield>
  <datafield tag="490" ind1=" " ind2=" ">
    <subfield code="a">Nuovi fermenti</subfield>
    <subfield code="v">77</subfield>
  </datafield>
  <datafield tag="520" ind1=" " ind2=" ">
    <subfield code="a">Paolo ci coinvolge tutti perch&#xE9; combina due piani: la scandalosa "compromissione" di Dio con la nostra fragilit&#xE0; fisica e morale e l'assolutezza incontaminata del suo amore. Il libro consta di due parti: la prima &#xE8; una presentazione dell'itinerario spirituale di Paolo; la seconda comprende le meditazioni sul Vangelo della giustificazione nella Lettera ai Romani (tre meditazioni durante tre sere della Quaresima 2009).</subfield>
  </datafield>
  <datafield tag="630" ind1=" " ind2=" ">
    <subfield code="a">Biblia.</subfield>
    <subfield code="v">N.T.</subfield>
    <subfield code="x">Epistolae s. Pauli</subfield>
    <subfield code="t">Ad Romanos</subfield>
    <subfield code="9">57809</subfield>
  </datafield>
  <datafield tag="655" ind1=" " ind2=" ">
    <subfield code="a">Sacra Scrittura.</subfield>
    <subfield code="x">Paolo: spiritualit&#xE0; e formazione</subfield>
    <subfield code="9">57733</subfield>
  </datafield>
  <datafield tag="942" ind1=" " ind2=" ">
    <subfield code="2">ddc</subfield>
    <subfield code="c">BK</subfield>
  </datafield>
  <datafield tag="952" ind1=" " ind2=" ">
    <subfield code="0">0</subfield>
    <subfield code="1">0</subfield>
    <subfield code="2">ddc</subfield>
    <subfield code="4">0</subfield>
    <subfield code="6">227_000000000000000_1RM_FOR_BR_23248</subfield>
    <subfield code="7">1</subfield>
    <subfield code="a">CINISELLO</subfield>
    <subfield code="b">CINISELLO</subfield>
    <subfield code="d">2019-04-22</subfield>
    <subfield code="l">0</subfield>
    <subfield code="o">227.1-Rm* FOR br (23248)</subfield>
    <subfield code="p">9788821565502</subfield>
    <subfield code="r">2019-04-22 00:00:00</subfield>
    <subfield code="w">2019-04-22</subfield>
    <subfield code="y">BK</subfield>
  </datafield>
</record>
